| 000 | 00000nam##2200000za#4500 |
| 001 | 9.646958 |
| 003 | CaOODSP |
| 005 | 20200330132549 |
| 007 | ta |
| 008 | 150407|1998||||xxc||||| f|0| 0 eng|d |
| 020 | |a0-662-26834-2 |
| 040 | |aCaOODSP|beng |
| 043 | |an-cn--- |
| 086 | 1 |aF32-5/1998E |
| 110 | 1 |aCanada. |bDepartment of Finance. |
| 245 | 10|aReport of the Technical Committee on Business Taxation |
| 260 | |aOttawa - Ontario : |bFinance Canada |c1998. |
| 300 | |axiv, 289p. in various pagings. : |bgraphs, tables ; |c28 cm. |
| 500 | |a"Under our terms of reference, the Committee was asked to assess Canada's businesses tax structure with the following objectives: improving the tax system to promote job creation and economic growth in an open economy; simplifying the taxation of businesses income to facilitate compliance by taxpayers and administration by Revenue Canada; and enhancing fairness in the tax system by ensuring that all businesses share the cost of providing government services."--Page 1.1. |
| 504 | |aBibliography. |
| 520 | 3 |aUnder our terms of reference, the Committee was asked to assess Canada's businesses tax structure with the following objectives: improving the tax system to promote job creation and economic growth in an open economy; simplifying the taxation of businesses income to facilitate compliance by taxpayers and administration by Revenue Canada; and enhancing fairness in the tax system by ensuring that all businesses share the cost of providing government services.--Page 1.1 |
| 563 | |aSoftcover |
| 590 | |a98-19|b1998-05-08 |
| 775 | 08|tRapport du Comité technique de la fiscalité des entreprises |w(CaOODSP)9.680446 |
| 776 | 0#|tReport of the Technical Committee on Business Taxation |w(CaOODSP)9.696508 |